Central Library OPAC University of Rajshahi

Industrial relations in India / (Record no. 2742)

MARC details
000 -LEADER
fixed length control field 00952nam a2200289 4500
001 - CONTROL NUMBER
control field 2742
003 - CONTROL NUMBER IDENTIFIER
rucl marc code BD-RjUL
005 - DATE AND TIME OF LATEST TRANSACTION
control field 20211208233617.0
008 - FIXED-LENGTH DATA ELEMENTS--GENERAL INFORMATION
fixed length control field 160724s1970 ii bs 001 0 eng
020 ## - INTERNATIONAL STANDARD BOOK NUMBER
International Standard Book Number 0210336803
035 ## - SYSTEM CONTROL NUMBER
System control number (BD-RjUL)2769
040 ## - CATALOGING SOURCE
Original cataloging agency DLC
Transcribing agency DLC
Modifying agency DLC
Language of cataloging eng
041 ## - LANGUAGE CODE
Language code of text/sound track or separate title eng
082 00 - DEWEY DECIMAL CLASSIFICATION NUMBER
Classification number 331.0954
Edition number 23
Author mark and year MYI 1970
100 1# - MAIN ENTRY--PERSONAL NAME
Personal name Myers, Charles Andrew,
Dates associated with a name 1913-
9 (RLIN) 8795
245 10 - TITLE STATEMENT
Title Industrial relations in India /
Statement of responsibility, etc. Charles A. Myers and Subbiah Kannappan.
250 ## - EDITION STATEMENT
Edition statement 2nd rev. and enl. ed.
260 ## - PUBLICATION, DISTRIBUTION, ETC. (IMPRINT)
Place of publication, distribution, etc. New York :
Name of publisher, distributor, etc. Asia Pub. House,
Date of publication, distribution, etc. 1970
300 ## - PHYSICAL DESCRIPTION
Pagination xvii, 426 p. ;
Size 23 cm.
500 ## - GENERAL NOTE
General note First ed. published in 1958 under title: Labor problems in the industrialization of India.
504 ## - BIBLIOGRAPHY, ETC. NOTE
Bibliography, etc Includes bibliographical references and index
526 ## - STUDY PROGRAM INFORMATION NOTE
Requested Dept. Economics
650 #0 - SUBJECT ADDED ENTRY--TOPICAL TERM
Topical term or geographic name as entry element Industrial relations
Geographic subdivision India.
9 (RLIN) 8796
700 1# - ADDED ENTRY--PERSONAL NAME
Personal name Kannappan, Subbiah,
Relator term joint author.
942 ## - ADDED ENTRY ELEMENTS (KOHA)
Source of classification or shelving scheme Dewey Decimal Classification
Koha item type Books
Holdings
Lost status Source of classification or shelving scheme Damaged status Not for loan Collection code Permanent Location Current Location Shelving location Date acquired Source of acquisition Cost, normal purchase price Total Checkouts Full call number Date last seen Copy number Koha item type
  Dewey Decimal Classification     Non-fiction Central Library, University of Rajshahi Central Library, University of Rajshahi   15/05/1978 asia pub hane bomby 32.00   331.0954 MYI 1970 17/12/2013 C-4 Books
  Dewey Decimal Classification     Non-fiction Central Library, University of Rajshahi Central Library, University of Rajshahi   15/05/1978 Asia foundation 32.00   331.0954 MYI 1970 17/12/2013 C-1 Books
  Dewey Decimal Classification     Non-fiction Central Library, University of Rajshahi Central Library, University of Rajshahi   15/05/1978 Asia Foundation 32.00   331.0954 MYI 1970 26/02/2014 C-3 Books